| 000 | 00403nam a22001337a 4500 | ||
|---|---|---|---|
| 020 | _a9789695571514 | ||
| 082 | _a340.549 NYA | ||
| 100 | _aNyazee, Imran Ahsan Khan | ||
| 245 |
_aIntroduction to Law: _b(For Pakistan) / _cImran Ahsan Khan Nyazee |
||
| 260 |
_aLahore : _bFederal Law House, _c2016. |
||
| 300 |
_a361 p. ; _c23 cm. |
||
| 942 |
_2ddc _cBK |
||
| 999 |
_c586030 _d586030 |
||